000 00434nam a2200169 a 4500
005 20140310183200.0
008 021205s19uu xx 00 eng d
050 _aRT 61
_b.H67 2002
100 _aMartinson, Ida M.
245 _aHome Health Care Nursing. /
_cIda M. Martinson.
250 _a2nd
300 _a 577 p.:
_bcol. ill .;
_c27 cm.
521 _aNUR
650 _aHome nursing.
942 _cBK
_2lcc
_kFOR
999 _c19855
_d19855